| 000 | 00516nam a2200205Ia 4500 | ||
|---|---|---|---|
| 008 | 170918s9999 xx 000 0 und d | ||
| 020 | _a9780439309239 | ||
| 050 | _bG549 2000 | ||
| 100 | _aGlass, Julie, Dr. | ||
| 245 | _aCounting sheep : | ||
| 245 | _ba step 1 book / | ||
| 245 | _cby Dr. Julie Glass ; illustrated by Mike Wohnoutka. | ||
| 260 | _aNew York : | ||
| 260 | _bScholastic, | ||
| 260 | _c2000 | ||
| 300 | _a32 pages : | ||
| 300 | _bcolored illustration ; | ||
| 300 | _c23cm. | ||
| 500 | _aBR | ||
| 999 |
_c343207 _d343207 |
||